| 000 | 00000nas 2200000zi 4500 |
| 001 | 9.908392 |
| 003 | CaOODSP |
| 005 | 20251127112517 |
| 006 | m o d f |
| 007 | cr cn||||||||| |
| 008 | 220223c20209999oncar p o f0###a0eng|d |
| 040 | |aCaOODSP|beng|erda|cCaOODSP |
| 043 | |an-cn--- |
| 086 | 1 |aNM11-7/1E-PDF |
| 110 | 2 |aCanadian Museum of Nature.|eauthor, |eissuing body. |
| 245 | 10|aCanadian Museum of Nature annual report : |badministration of the Access to Information Act, April 1 ... to March 31 ... |
| 264 | 1|a[Ottawa] : |bCanadian Museum of Nature, |c[2020]- |
| 310 | |aAnnual |
| 336 | |atext|btxt|2rdacontent |
| 337 | |acomputer|bc|2rdamedia |
| 338 | |aonline resource|bcr|2rdacarrier |
| 362 | 1 |aBegan with 2019-2020. |
| 500 | |aIssued also in French under title: Rapport annuel du Musée canadien de la nature : administration de la Loi sur l'accès à l'information 1er avril ... au 31 mars ... |
| 588 | |aDescription based on: 2019/2020. |
| 588 | |aLatest issue consulted: 2020/2021. |
| 610 | 20|aCanadian Museum of Nature|vPeriodicals. |
| 610 | 10|aCanada. |tAccess to Information Act|vPeriodicals. |
| 650 | 0|aGovernment information|zCanada|vPeriodicals. |
| 650 | 0|aFreedom of information|zCanada|vPeriodicals. |
| 655 | 7|aPeriodicals|2lcgft |
| 775 | 08|tRapport annuel du Musée canadien de la nature : |w(CaOODSP)9.908391 |